<?xml version="1.0" encoding="UTF-8"?>
<record
    xmlns:xsi="http://www.w3.org/2001/XMLSchema-instance"
    xsi:schemaLocation="http://www.loc.gov/MARC21/slim http://www.loc.gov/standards/marcxml/schema/MARC21slim.xsd"
    xmlns="http://www.loc.gov/MARC21/slim">

  <leader>02590nam a22003497a 4500</leader>
  <controlfield tag="008">100822t        xxu||||| |||| 00| 0 eng d</controlfield>
  <datafield tag="082" ind1=" " ind2=" ">
    <subfield code="2">22</subfield>
    <subfield code="a">081</subfield>
    <subfield code="b">&#x632; &#x627; &#x646;</subfield>
  </datafield>
  <datafield tag="100" ind1=" " ind2=" ">
    <subfield code="9">17616</subfield>
    <subfield code="a">&#x632;&#x627;&#x646;&#x64A;&#x646;&#x649;, &#x63A;&#x64A;&#x648;&#x633;&#x64A;&#x628;&#x649;</subfield>
  </datafield>
  <datafield tag="245" ind1=" " ind2=" ">
    <subfield code="a">&#x645;&#x648;&#x633;&#x648;&#x639;&#x629; &#x627;&#x644;&#x639;&#x627;&#x644;&#x645; &#x628;&#x64A;&#x646; &#x64A;&#x62F;&#x64A;&#x643; /</subfield>
    <subfield code="c">&#x632;&#x627;&#x646;&#x64A;&#x646;&#x649;, &#x63A;&#x64A;&#x648;&#x633;&#x64A;&#x628;&#x649;</subfield>
  </datafield>
  <datafield tag="260" ind1=" " ind2=" ">
    <subfield code="a">&#x633;&#x648;&#x64A;&#x633;&#x631;&#x627; :</subfield>
    <subfield code="b">&#x633;&#x64A;&#x644;&#x643;&#x627;,</subfield>
    <subfield code="c">[1987]</subfield>
  </datafield>
  <datafield tag="300" ind1=" " ind2=" ">
    <subfield code="a">&#x645;&#x62C;:</subfield>
    <subfield code="b">&#x627;&#x64A;&#x636;&#x61B;</subfield>
    <subfield code="c">30 &#x633;&#x645;.</subfield>
  </datafield>
  <datafield tag="500" ind1=" " ind2=" ">
    <subfield code="a">&#x631;&#x633;&#x648;&#x645; &#x62A;&#x648;&#x646;&#x649; &#x648;&#x648;&#x644;&#x641;</subfield>
  </datafield>
  <datafield tag="500" ind1=" " ind2=" ">
    <subfield code="a">&#x623;&#x639;&#x627;&#x62F; &#x635;&#x64A;&#x627;&#x63A;&#x629; &#x627;&#x644;&#x646;&#x635; &#x644;&#x647;&#x630;&#x647; &#x627;&#x644;&#x637;&#x628;&#x639;&#x629; &#x64A;&#x639;&#x642;&#x648;&#x628; &#x627;&#x644;&#x634;&#x627;&#x631;&#x648;&#x646;&#x649;</subfield>
  </datafield>
  <datafield tag="650" ind1=" " ind2=" ">
    <subfield code="9">17609</subfield>
    <subfield code="a">&#x623;&#x62E;&#x62A;&#x631;&#x627;&#x639;&#x627;&#x62A;</subfield>
  </datafield>
  <datafield tag="650" ind1=" " ind2=" ">
    <subfield code="9">17610</subfield>
    <subfield code="a">&#x643;&#x648;&#x643;&#x628; &#x627;&#x644;&#x623;&#x631;&#x636;</subfield>
  </datafield>
  <datafield tag="650" ind1=" " ind2=" ">
    <subfield code="9">17611</subfield>
    <subfield code="a">&#x625;&#x643;&#x62A;&#x634;&#x627;&#x641;&#x627;&#x62A; &#x639;&#x644;&#x645;&#x64A;&#x629;</subfield>
  </datafield>
  <datafield tag="650" ind1=" " ind2=" ">
    <subfield code="9">14663</subfield>
    <subfield code="a">&#x62A;&#x627;&#x631;&#x64A;&#x62E;</subfield>
  </datafield>
  <datafield tag="650" ind1=" " ind2=" ">
    <subfield code="9">17613</subfield>
    <subfield code="a">&#x627;&#x644;&#x633;&#x64A;&#x627;&#x62D;&#x629;</subfield>
  </datafield>
  <datafield tag="650" ind1=" " ind2=" ">
    <subfield code="9">17614</subfield>
    <subfield code="a">&#x637;&#x628;&#x64A;&#x639;&#x629;</subfield>
  </datafield>
  <datafield tag="650" ind1=" " ind2=" ">
    <subfield code="9">15140</subfield>
    <subfield code="a">&#x627;&#x644;&#x643;&#x648;&#x646;</subfield>
  </datafield>
  <datafield tag="942" ind1=" " ind2=" ">
    <subfield code="2">ddc</subfield>
    <subfield code="c">BB</subfield>
  </datafield>
  <datafield tag="999" ind1=" " ind2=" ">
    <subfield code="c">14683</subfield>
    <subfield code="d">14683</subfield>
  </datafield>
  <datafield tag="952" ind1=" " ind2=" ">
    <subfield code="0">0</subfield>
    <subfield code="1">0</subfield>
    <subfield code="2">ddc</subfield>
    <subfield code="4">0</subfield>
    <subfield code="7">0</subfield>
    <subfield code="a">MAIN</subfield>
    <subfield code="b">MAIN</subfield>
    <subfield code="c">0TH</subfield>
    <subfield code="d">2010-08-23</subfield>
    <subfield code="e">Purchase</subfield>
    <subfield code="l">1</subfield>
    <subfield code="o">081 &#x632; &#x627; &#x646;</subfield>
    <subfield code="p">000025121</subfield>
    <subfield code="r">2025-07-15 00:00:00</subfield>
    <subfield code="s">2010-09-13</subfield>
    <subfield code="y">REFERENCE</subfield>
    <subfield code="z">2 - &#x643;&#x644; &#x634;&#x626; &#x639;&#x646; &#x627;&#x644;&#x625;&#x643;&#x62A;&#x634;&#x627;&#x641;&#x627;&#x62A; &#x627;&#x644;&#x639;&#x644;&#x645;&#x64A;&#x629;</subfield>
  </datafield>
  <datafield tag="952" ind1=" " ind2=" ">
    <subfield code="0">0</subfield>
    <subfield code="1">0</subfield>
    <subfield code="2">ddc</subfield>
    <subfield code="4">0</subfield>
    <subfield code="7">0</subfield>
    <subfield code="a">MAIN</subfield>
    <subfield code="b">MAIN</subfield>
    <subfield code="c">0TH</subfield>
    <subfield code="d">2010-08-23</subfield>
    <subfield code="e">Purchase</subfield>
    <subfield code="l">0</subfield>
    <subfield code="o">081 &#x632; &#x627; &#x646;</subfield>
    <subfield code="p">000025120</subfield>
    <subfield code="r">2025-07-15 00:00:00</subfield>
    <subfield code="y">REFERENCE</subfield>
    <subfield code="z">3 - &#x643;&#x644; &#x634;&#x626; &#x639;&#x646; &#x627;&#x644;&#x62A;&#x627;&#x631;&#x64A;&#x62E; </subfield>
  </datafield>
  <datafield tag="952" ind1=" " ind2=" ">
    <subfield code="0">0</subfield>
    <subfield code="1">0</subfield>
    <subfield code="2">ddc</subfield>
    <subfield code="4">0</subfield>
    <subfield code="7">0</subfield>
    <subfield code="a">MAIN</subfield>
    <subfield code="b">MAIN</subfield>
    <subfield code="c">0TH</subfield>
    <subfield code="d">2010-08-23</subfield>
    <subfield code="e">Purchase</subfield>
    <subfield code="l">1</subfield>
    <subfield code="o">081 &#x632; &#x627; &#x646;</subfield>
    <subfield code="p">000025110</subfield>
    <subfield code="r">2025-07-15 00:00:00</subfield>
    <subfield code="s">2010-09-13</subfield>
    <subfield code="y">REFERENCE</subfield>
    <subfield code="z">4 - &#x643;&#x644; &#x634;&#x626; &#x639;&#x646; &#x627;&#x644;&#x62A;&#x642;&#x62F;&#x645; &#x627;&#x644;&#x639;&#x644;&#x645;&#x649; </subfield>
  </datafield>
  <datafield tag="952" ind1=" " ind2=" ">
    <subfield code="0">0</subfield>
    <subfield code="1">0</subfield>
    <subfield code="2">ddc</subfield>
    <subfield code="4">0</subfield>
    <subfield code="7">0</subfield>
    <subfield code="a">MAIN</subfield>
    <subfield code="b">MAIN</subfield>
    <subfield code="c">0TH</subfield>
    <subfield code="d">2010-08-23</subfield>
    <subfield code="e">Purchase</subfield>
    <subfield code="l">1</subfield>
    <subfield code="o">081 &#x632; &#x627; &#x646;</subfield>
    <subfield code="p">000025109</subfield>
    <subfield code="r">2025-07-15 00:00:00</subfield>
    <subfield code="s">2010-09-13</subfield>
    <subfield code="y">REFERENCE</subfield>
    <subfield code="z">5 - &#x643;&#x644; &#x634;&#x626; &#x639;&#x646; &#x627;&#x644;&#x625;&#x62E;&#x62A;&#x631;&#x627;&#x639;&#x627;&#x62A;</subfield>
  </datafield>
  <datafield tag="952" ind1=" " ind2=" ">
    <subfield code="0">0</subfield>
    <subfield code="1">0</subfield>
    <subfield code="2">ddc</subfield>
    <subfield code="4">0</subfield>
    <subfield code="7">0</subfield>
    <subfield code="a">MAIN</subfield>
    <subfield code="b">MAIN</subfield>
    <subfield code="c">0TH</subfield>
    <subfield code="d">2010-08-23</subfield>
    <subfield code="e">Purchase</subfield>
    <subfield code="l">0</subfield>
    <subfield code="o">081 &#x632; &#x627; &#x646;</subfield>
    <subfield code="p">000025107</subfield>
    <subfield code="r">2025-07-15 00:00:00</subfield>
    <subfield code="y">REFERENCE</subfield>
    <subfield code="z">8 -  &#x643;&#x644; &#x634;&#x626; &#x639;&#x646; &#x627;&#x644;&#x637;&#x628;&#x64A;&#x639;&#x629;</subfield>
  </datafield>
  <datafield tag="952" ind1=" " ind2=" ">
    <subfield code="0">0</subfield>
    <subfield code="1">0</subfield>
    <subfield code="2">ddc</subfield>
    <subfield code="4">0</subfield>
    <subfield code="7">0</subfield>
    <subfield code="a">MAIN</subfield>
    <subfield code="b">MAIN</subfield>
    <subfield code="c">0TH</subfield>
    <subfield code="d">2010-08-23</subfield>
    <subfield code="e">Purchase</subfield>
    <subfield code="l">1</subfield>
    <subfield code="o">081 &#x632; &#x627; &#x646;</subfield>
    <subfield code="p">000025106</subfield>
    <subfield code="r">2025-07-15 00:00:00</subfield>
    <subfield code="s">2016-08-01</subfield>
    <subfield code="y">REFERENCE</subfield>
    <subfield code="z">10 - &#x643;&#x644; &#x634;&#x626; &#x639;&#x646; &#x627;&#x644;&#x633;&#x64A;&#x627;&#x62D;&#x629;</subfield>
  </datafield>
  <datafield tag="952" ind1=" " ind2=" ">
    <subfield code="0">0</subfield>
    <subfield code="1">0</subfield>
    <subfield code="2">ddc</subfield>
    <subfield code="4">0</subfield>
    <subfield code="7">0</subfield>
    <subfield code="a">MAIN</subfield>
    <subfield code="b">MAIN</subfield>
    <subfield code="c">0TH</subfield>
    <subfield code="d">2010-08-23</subfield>
    <subfield code="e">Purchase</subfield>
    <subfield code="l">0</subfield>
    <subfield code="o">081 &#x632; &#x627; &#x646;</subfield>
    <subfield code="p">000025105</subfield>
    <subfield code="r">2025-07-15 00:00:00</subfield>
    <subfield code="y">REFERENCE</subfield>
    <subfield code="z">7 - &#x643;&#x644; &#x634;&#x626; &#x639;&#x646; &#x627;&#x644;&#x623;&#x631;&#x636;</subfield>
  </datafield>
  <datafield tag="952" ind1=" " ind2=" ">
    <subfield code="0">0</subfield>
    <subfield code="1">0</subfield>
    <subfield code="2">ddc</subfield>
    <subfield code="4">0</subfield>
    <subfield code="7">0</subfield>
    <subfield code="a">MAIN</subfield>
    <subfield code="b">MAIN</subfield>
    <subfield code="c">0TH</subfield>
    <subfield code="d">2010-08-23</subfield>
    <subfield code="e">Purchase</subfield>
    <subfield code="l">0</subfield>
    <subfield code="o">081 &#x632; &#x627; &#x646;</subfield>
    <subfield code="p">000025104</subfield>
    <subfield code="r">2025-07-15 00:00:00</subfield>
    <subfield code="y">REFERENCE</subfield>
    <subfield code="z">9 - &#x643;&#x644; &#x634;&#x626; &#x639;&#x646; &#x627;&#x644;&#x62D;&#x64A;&#x627;&#x629; </subfield>
  </datafield>
  <datafield tag="952" ind1=" " ind2=" ">
    <subfield code="0">0</subfield>
    <subfield code="1">0</subfield>
    <subfield code="2">ddc</subfield>
    <subfield code="4">0</subfield>
    <subfield code="7">0</subfield>
    <subfield code="a">MAIN</subfield>
    <subfield code="b">MAIN</subfield>
    <subfield code="c">0TH</subfield>
    <subfield code="d">2010-08-23</subfield>
    <subfield code="e">Purchase</subfield>
    <subfield code="l">0</subfield>
    <subfield code="o">081 &#x632; &#x627; &#x646;</subfield>
    <subfield code="p">000025103</subfield>
    <subfield code="r">2025-07-15 00:00:00</subfield>
    <subfield code="y">REFERENCE</subfield>
    <subfield code="z">6 - &#x643;&#x644; &#x634;&#x626; &#x639;&#x646; &#x627;&#x644;&#x645;&#x647;&#x646; </subfield>
  </datafield>
</record>
